000 00775nam a2200205 a 4500
001 000039203
005 20201002031537.0
008 130611s1999 sp 000 0 spa d
020 _a8400079833
040 _aDO-SdBNP
_bspa
_cBNPHU
100 1 _aRodríguez Sánchez de León, María José
_965390
245 1 3 _aLa crítica dramática en España 1789-1833 /
_cMaría José Rodríguez Sánchez de León.
260 _aMadrid :
_bInstituto de la Lengua Española del CSIC,
_c1999.
300 _a380 p. ;
_c24 cm.
490 1 _aRevista de Literatura
_v49
500 _aIncluye índice
500 _aIncluye referencias bibliográficas y notas al pie de las páginas
710 2 _aInstituto de la Lengua Española del CSIC
_965391
830 0 _aRevista de Literatura
_v49
_965392
999 _c38693
_d38693